Top 20 Scary Logos - Statistics

General Stats
  • This quiz has been taken 63 times
  • The average score is 6 of 20
Answer Stats
Hint Answer % Correct
2. Ozma Head (1914-1915) Oz Films
45%
5. S for Hell Screen Gems
45%
3. V of doom Viacom
42%
1. Stone Mask of Guo Xiang (1990-2002) BND
39%
6. Black & White Flashing (1997-2013) Ear Booker Productions
39%
20. St. Elsewhere Finale Variant MTM Enterprises
39%
12. Closet Killer (1968-1969) Paramount Television
39%
19. 2nd logo (1955-1958) ATV
35%
7. Screaming(Howling) Man (1985-1991) Caution Video
35%
13. Logo (1969-1975) API Television Production
32%
11. Logo (1972-1975) Brayston Pictures
29%
16. 5th logo (1997-2010) BBC
23%
9. Santa Snake (2006-2012) Sumo.TV
23%
10. Logo (1987) Erry Vision Films
19%
8. Medusa Head (1987) Gorgon Video
16%
15. 2nd logo (1971-1984) PBS
16%
17. 1st logo (1974-1986) Murghan Enterprises
13%
14. 1st logo (1995-2001) Rainbow Releasing
13%
4. 3rd Logo (1958) Cocinor
10%
18. 1st logo (1973-1976) Worldvision Enterprises
10%
No matching quizzes found
Score Distribution
Percent of People with Each Score
Percentile by Number Answered
Your Score History
You have not taken this quiz